02464nam a2200241uu 4500001000800000005001700008007001000025008004100035035001200076040001300088041000800101080000800109100004400117245011600161260004300277300001700320520173100337650004102068650005102109700004202160502001202202526000802214114566420260507114125.0cr|||||||090527e20090527 spa  a1145664 ccomduadb aspa aPMC10aRugeles Pineda, Luis Fernando4auteaut10aAnálisis de modos de falla y sus efectos para lavadoras y calentadores de paso a gas en Industrias Haceb S.A. aMedellín :b[sin publicador],c2009. a62 páginas3 aLa forma como se mide el desempeño del área de calidad en Industrias Haceb S.A. es con un indicador que se llama % de índice de falla. Este indicador es la relación entre el número de garantías y el número de ventas de un producto en particular multiplicado por 100; lógicamente cuanto menor es el índice de falla mejor es la gestión que realiza dicha área de la compañía. Por esta razón se implemento el análisis de modos de falla y sus efectos para lavadoras de tipo impulsor y calentadores de paso a gas, porque esta metodología sirve para aumentar la confiabilidad de un producto y aumentado la confiabilidad se esta incidiendo directamente en la reducción del índice de falla. Además las lavadoras y calentadores de paso a gas representan un volumen considerable de las ventas de la compañía por lo que intervenir en el mejoramiento de estos productos significa aumentar las utilidades de la empresa. Para llevar a cabo dicho objetivo se realizaron los diagramas de bloque funcional y los árboles de falla para los dos productos mencionados, esto con el fin de conocer la manera como funcionan ambos artefactos y también comprender como se desencadenaban las fallas mas recurrentes para cada uno de ellos, además se elaboro un plantilla en Excel para llevar un control de la metodología, donde en el futuro se espera que todo el equipo de ingenieros del área puedan aportar sugerencias y mecanismos de control que permitan aumentar la confiabilidad de los productos una vez se haya implementado. En el informe se mencionan algunos de los cambios o acciones que se han venido implementando y con las cuales se espera mejore el desempeño de los productos en el mercado. aIndustrias Haceb (Empresa comercial) aAnálisis de modos y efectos de fallas (AMEF)10aOrrego Barrera, Juan Carlos4thseths b176c17 a178